Managing Knowledge Resources in the Digital Era [electronic resource : Course material] AICTE - ISTE STTP held from 2nd to 13th August 2004 at Don Bosco Institute of Technology, Bangalore (Record no. 204882)

MARC details
000 -LEADER
fixed length control field 00682nam a2200145Ia 4500
008 - FIXED-LENGTH DATA ELEMENTS--GENERAL INFORMATION
fixed length control field 231221s9999 xx 000 0 und d
041 ## - LANGUAGE CODE
Language code of text/sound track or separate title English
100 ## - MAIN ENTRY--PERSONAL NAME
Personal name Don Bosco Institute of Technology AICTE, ISTE
245 #0 - TITLE STATEMENT
Title Managing Knowledge Resources in the Digital Era [electronic resource : Course material] AICTE - ISTE STTP held from 2nd to 13th August 2004 at Don Bosco Institute of Technology, Bangalore
260 ## - PUBLICATION, DISTRIBUTION, ETC.
Date of publication, distribution, etc. 2004/08
Name of publisher, distributor, etc. Don Bosco Institute of Technology
Place of publication, distribution, etc. Bangalore
300 ## - PHYSICAL DESCRIPTION
Dimensions CD3094
650 ## - SUBJECT ADDED ENTRY--TOPICAL TERM
Topical term or geographic name entry element Knowledge Resources
650 ## - SUBJECT ADDED ENTRY--TOPICAL TERM
Topical term or geographic name entry element Managing,Knowledge,Resources,Digital,:,Course,material],AICTE,-,ISTE,STTP,2nd,13th,August,2004,Don,Bosco,Technology,
942 ## - ADDED ENTRY ELEMENTS (KOHA)
Koha item type Digital Library
Holdings
Date last seen Total checkouts Accession number Uniform resource identifier Price effective from Category Lost status Damaged status Department Withdrawn status Home library Current library Shelving location Entry date Grants Billdate Currency symbol Conversion rate Discount Old discount
26/01/2024   DL1009 digital/Confpro/dl1009/dl1009resources.html 26/01/2024 Digital Library     Central Library   Central Library Central Library Central Library   LIB 22/02/2010 RS 1    

© For any Suggestions or Query, please contact the library staff @ librarian@pes.edu or Phone: +9180 2672 1983/ 2108.